000 00695nam a2200217Ii 4500
003 JO-AjNU
008 230605s9999||||xx |||||||||||||| ||und||
017 _a2003/7/1502
040 _aJO-AjNU
_bara
_erda
_cJO-AjNU
041 _aara
050 1 4 _aPJ7541.Z3952 2003
100 3 _aتأليف الزيدي، كاصد ياسر,
_eauthor
_98696
245 0 0 _aدراسات نقدية في اللغة والنحو
250 _aط1
264 3 1 _aعمان: دار أسامة، 2003
300 _a168ص
336 _atext
_btxt
_2rdacontent
337 _aunmediated
_bn
_2rdamedia
338 _avolume
_bnc
_2rdacarrier
650 4 _aاللغة العربية - تحليل ونقد - قواعد
_98697
999 _aA921
_c4489
_d4489